| 000 | 00377nam a2200169Ia 4500 | ||
|---|---|---|---|
| 100 | _aEisberg/Robert/ Resnick/R | ||
| 650 | _aQuantum Physics | ||
| 250 | _a2 | ||
| 942 | _cBK | ||
| 366 | _f20 | ||
| 654 | _aQuantum Physics | ||
| 245 | _aQuantum Physics of Atoms | ||
| 260 |
_bWiley India _aNew Delhi _c1985 |
||
| 082 |
_a539/EIS _bEIS |
||
| 300 | _a713 | ||
| 546 | _aENGLISH | ||
| 999 |
_c35231 _d35231 |
||